Cómputo de votos y declaratorias de elección 2002. Provincia de Puntarenas: alcaldías, sídnicos (as), concejales de distrito, intendentes y concejales municipales de distrito /
Gespeichert in:
| Format: | Text |
|---|---|
| Schlagworte: | |
| Tags: |
Tag hinzufügen
Keine Tags, Fügen Sie den ersten Tag hinzu!
|
MARC
| LEADER | 00000 a a2200000 04500 | ||
|---|---|---|---|
| 001 | 42818 | ||
| 003 | |||
| 040 | |||
| 245 | |a Cómputo de votos y declaratorias de elección 2002. |b Provincia de Puntarenas: alcaldías, sídnicos (as), concejales de distrito, intendentes y concejales municipales de distrito / |c Costa Rica. Tribunal Supremo de Elecciones | ||
| 650 | |a ELECCIONES | ||
| 650 | |a VOTACION | ||
| 650 | |a GOBIERNO LOCAL | ||
| 650 | |a PUNTARENAS | ||
| 773 | |g volumen6, número1 (2002 ) | ||
| 999 | |c 34610 |d 34610 | ||
